Statistics for Bordering Two Scrambled Countries

Click here to take the quiz!

General Stats

  • This quiz has been taken 49 times
  • The average score is 13 of 15

Answer Stats

Country 1Country 2Answer% Correct
ANACADEXICOMUNITED STATES
98%
REPUMANAPACOLOMBIA
95%
GELIBUMNOPLADGERMANY
93%
GEPTYASINUTILIBYA
93%
SALOALAMISAYTHAILAND
93%
PENALGOMANILOCHINA
90%
PANISCREFANANDORRA
88%
YONRAWSURISAFINLAND
88%
CEREGEYURTEKBULGARIA
85%
MEENYNOJARDSAUDI ARABIA
85%
YANEKBAMIZATANZANIA
85%
LAIMGOOTBURKINA FASO
83%
YATILTARICOASLOVENIA
83%
LABSUREVALODOMUKRAINE
78%
BANGOREGINIACAMEROON
73%

Score Distribution

Percentile by Number Answered

Percent of People with Each Score

Your Score History

You have not taken this quiz